Riconosci il Pokémon - Quiz n°76 - Statistics

Statistiche generali
  • Questo quiz è stato fatto 7 volte
  • Il punteggio medio è 9 su 10
Statistiche sulle risposte
Indizio Risposta % Corretto
Tipo Normale / Volante
100%
Generazione Settima
100%
Altezza 1,1 m
86%
Peso 26,0 kg
86%
Tasso di cattura 45 (11.9%)
86%
Sesso 50% ♂, 50% ♀
86%
Tasso di allevamento Medio-Veloce
86%
Stadio evoluzione Seconda evoluzione
86%
Abilità Sguardofermo; Abillegame; Forzabruta
86%
Pokémon Toucannon
86%
Nessun quiz corrispondente trovato
Distribuzione punteggi
Percentuale di utenti per punteggio
Percentile per numero di risposta
I tuoi punteggi nel tempo
Non hai fatto questo quiz